000 00654nam a2200277Ia 4500
005 20260324132650.0
008 008 260324s9999 xx 000 0 eng d
020 _a9781315065359
037 _aEBOOK
040 _aCRL
040 _beng
040 _cCRL
041 _2eng
041 _aeng
084 _qCRL
100 _aHull Learning Services
_91190152
245 0 _aSupporting Children with Fragile X Syndrome
260 _bTaylor and Francis
260 _c2004
365 _a
365 _b120
856 _uhttp://www.taylorfrancis.com/books/9781315065359
942 _cEBOOK
999 _c1788454
_d1788454